Levelling-up and Regeneration Bill (Record no. 121481)
[ view plain ]
| 000 -LEADER | |
|---|---|
| fixed length control field | 01198nam a22002057a 4500 |
| 008 - FIXED-LENGTH DATA ELEMENTS--GENERAL INFORMATION | |
| fixed length control field | 230502s2022 xxk|||||ol|||o00| 0 eng d |
| 041 ## - LANGUAGE CODE | |
| Language code of text/sound track or separate title | eng |
| 110 ## - MAIN ENTRY--CORPORATE NAME | |
| Corporate author | Parliament |
| 245 ## - TITLE STATEMENT | |
| Title | Levelling-up and Regeneration Bill |
| 260 ## - PUBLICATION INFORMATION | |
| Date | 2022 |
| 520 ## - ABSTRACT | |
| Abstract | A Bill to make provision for the setting of levelling-up missions and reporting on progress in delivering them; about local democracy; about town and country planning; about Community Infrastructure Levy; about the imposition of Infrastructure Levy; about environmental outcome reports for certain consents and plans; about regeneration; about the compulsory purchase of land; about information and records relating to land, the environment or heritage; for the provision for pavement licences to be permanent; about governance of the Royal Institution of Chartered Surveyors; about vagrancy and begging; and for connected purposes. |
| 650 ## - KEYWORDS | |
| Keywords | COMMUNITY INFRASTRUCTURE LEVY |
| 650 ## - KEYWORDS | |
| Keywords | LEVELLING-UP |
| 650 ## - KEYWORDS | |
| Keywords | PLANNING |
| 650 ## - KEYWORDS | |
| Keywords | SURVEYING PROFESSION |
| 651 ## - SUBJECT ADDED ENTRY--GEOGRAPHIC NAME | |
| Geographic name | United Kingdom |
| 690 ## - BROAD SUBJECT | |
| 9 (RLIN) | 6307 |
| Broad subject | Built Environment |
| 856 ## - ONLINE RESOURCE | |
| Uniform Resource Identifier | <a href="https://bills.parliament.uk/bills/3155">https://bills.parliament.uk/bills/3155</a> |
| Public note | Available on Parliament website |
| 942 ## - ADDED ENTRY ELEMENTS (KOHA) | |
| Suppress in OPAC | Do not suppress in OPAC |
| Lost status | Damaged status | Not for loan | Home library | Current library | Shelving location | Date acquired | Total Checkouts | Full call number | Date last seen | Price effective from | Koha item type |
|---|---|---|---|---|---|---|---|---|---|---|---|
| Virtual | Virtual | Online | 02/05/2023 | LEGISLATION | 02/05/2023 | 02/05/2023 | Online material |